Collins COBUILD advanced learner's English dictionary (Record no. 4780)
[ view plain ]
| 000 -LEADER | |
|---|---|
| fixed length control field | 00875 a2200253 4500 |
| 020 ## - INTERNATIONAL STANDARD BOOK NUMBER | |
| International Standard Book Number | 0007158009 (pbk. with CD-ROM) |
| 020 ## - INTERNATIONAL STANDARD BOOK NUMBER | |
| International Standard Book Number | 0007157991 (hbk. with CD-ROM) |
| 020 ## - INTERNATIONAL STANDARD BOOK NUMBER | |
| International Standard Book Number | 0007683944 (pbk. w/out CD-ROM) |
| 020 ## - INTERNATIONAL STANDARD BOOK NUMBER | |
| International Standard Book Number | 0007683952 (hbk. w/out CD-ROM) |
| 040 ## - CATALOGING SOURCE | |
| Original cataloging agency | DLC |
| Language of cataloging | DLC |
| 082 04 - DEWEY DECIMAL CLASSIFICATION NUMBER | |
| Classification number | 423 |
| 245 00 - TITLE STATEMENT | |
| Title | Collins COBUILD advanced learner's English dictionary |
| Statement of responsibility, etc. | Collins Cobuild |
| 246 3# - VARYING FORM OF TITLE | |
| Title proper/short title | Advanced learner's English dictionary |
| 250 ## - EDITION STATEMENT | |
| Edition statement | 4th ed. |
| 260 ## - PUBLICATION, DISTRIBUTION, ETC. | |
| Place of publication, distribution, etc. | Glasgow : |
| Name of publisher, distributor, etc. | HarperCollinsPublishers, |
| Date of publication, distribution, etc. | 2003. |
| 300 ## - PHYSICAL DESCRIPTION | |
| Extent | xxiv, 1712, 32 p. : |
| Other physical details | col. ill. ; |
| Dimensions | 25 cm. + |
| Accompanying material | 1 computer optical disc (4 3/4 in.) |
| 490 1# - SERIES STATEMENT | |
| Series statement | Collins COBUILD |
| 500 ## - GENERAL NOTE | |
| General note | Title page: The University of Birmingham, Collins COBUILD. |
| 650 #0 - SUBJECT ADDED ENTRY--TOPICAL TERM | |
| Topical term or geographic name entry element | English language |
| 710 2# - ADDED ENTRY--CORPORATE NAME | |
| Corporate name or jurisdiction name as entry element | University of Birmingham. |
| 710 2# - ADDED ENTRY--CORPORATE NAME | |
| Corporate name or jurisdiction name as entry element | COBUILD. |
| 830 #0 - SERIES ADDED ENTRY--UNIFORM TITLE | |
| Uniform title | COBUILD series. |
| 942 ## - ADDED ENTRY ELEMENTS (KOHA) | |
| Koha item type | Book |
| Call number prefix | 423 COL |
| Source of classification or shelving scheme | |
| Withdrawn status | Lost status | Damaged status | Not for loan | Collection code | Permanent Location | Current Location | Shelving location | Date acquired | Source of acquisition | Full call number | Barcode | Date last seen | Price effective from | Koha item type |
|---|---|---|---|---|---|---|---|---|---|---|---|---|---|---|
| Central Library (CL) | Central Library (CL) | General Stacks | 01/22/2007 | Donation | 423 COL | SEECS008017 | 11/14/2012 | 01/05/2017 | Reference |
